| 000 | 01224nam a2200289 a 4500 | ||
|---|---|---|---|
| 001 | 58069 | ||
| 003 | BD-RjUL | ||
| 005 | 20211209080601.0 | ||
| 008 | 161512s1964 xx b 000 0 eng | ||
| 035 | _a(BD-RjUL)58193 | ||
| 040 |
_aDLC _cMNoW _dBD-RjUL _beng |
||
| 041 | _aeng | ||
| 082 |
_223 _a001.09 _bGHC 1964 |
||
| 100 | 0 |
_aGhazzālī, _d1058-1111. _9172468 |
|
| 245 | 1 | 0 |
_aGhazālīs̕ book of counsel for kings _b(Nasīhat al-mulūk) _cTranslated by F.R.C Bagley from the Persian text edited by Jalāl Humāī̕ and the Bodelian Arabic text edited by H.D. Isaacs, with introd., notes, and biographical index. |
| 260 |
_aLondon, New York : _bOxford University Press, _cc1964 |
||
| 300 |
_alxxiv, 197 p. ; _c22 cm. |
||
| 490 | 0 | _aUniversity of Durham publications | |
| 500 | _aTranslated from the authors̕ al-Tibr al-masbūk fī nasīhat al-mulūk. | ||
| 504 | _aIncludes bibliographical references. | ||
| 650 | 0 |
_aEducation of princes. _9172469 |
|
| 650 | 0 |
_aKings and rulers _xReligious life. _9172470 |
|
| 650 | 0 |
_aKings and rulers _xDuties _9172471 |
|
| 700 | 1 |
_aBagley, F. R. C. _q(Frank Ronald Charles), _d1915- _eed. and tr. _9172472 |
|
| 830 |
_aUniversity of Durham publications _9172473 |
||
| 942 |
_2ddc _cBK |
||
| 999 |
_c58069 _d58069 |
||